<?xml version="1.0" encoding="UTF-8"?>
<record
    xmlns:xsi="http://www.w3.org/2001/XMLSchema-instance"
    xsi:schemaLocation="http://www.loc.gov/MARC21/slim http://www.loc.gov/standards/marcxml/schema/MARC21slim.xsd"
    xmlns="http://www.loc.gov/MARC21/slim">

  <leader>00838nam a2200241 a 4500</leader>
  <controlfield tag="001">65033</controlfield>
  <controlfield tag="003">BD-RjUL</controlfield>
  <controlfield tag="005">20211209081359.0</controlfield>
  <controlfield tag="008">170226s1973    bg  |||| |||| 00| 0 ben d</controlfield>
  <datafield tag="020" ind1=" " ind2=" ">
    <subfield code="c">: Tk. 6.00</subfield>
  </datafield>
  <datafield tag="035" ind1=" " ind2=" ">
    <subfield code="a">(BD-RjUL)65163</subfield>
  </datafield>
  <datafield tag="040" ind1=" " ind2=" ">
    <subfield code="a">BD-RjUL</subfield>
    <subfield code="b">ben</subfield>
    <subfield code="c">BD-RjUL</subfield>
    <subfield code="d">BD-RjUL</subfield>
  </datafield>
  <datafield tag="041" ind1=" " ind2=" ">
    <subfield code="a">ben</subfield>
  </datafield>
  <datafield tag="082" ind1=" " ind2=" ">
    <subfield code="2">23</subfield>
    <subfield code="a">891.443</subfield>
    <subfield code="b">ATB 1973</subfield>
  </datafield>
  <datafield tag="100" ind1=" " ind2=" ">
    <subfield code="a">&#x986;&#x9A4;&#x9C0;&#x995;&#x9C1;&#x9B2;&#x9CD;&#x9B2;&#x9BE;&#x9B9;, &#x9B8;&#x9BE;&#x987;&#x9AF;&#x9BC;&#x9BF;&#x9A6;</subfield>
    <subfield code="9">170331</subfield>
  </datafield>
  <datafield tag="245" ind1="1" ind2=" ">
    <subfield code="a">&#x9AC;&#x9C1;&#x9A7;&#x9AC;&#x9BE;&#x9B0; &#x9B0;&#x9BE;&#x9A4;&#x9C7; /</subfield>
    <subfield code="c">&#x9B8;&#x9BE;&#x987;&#x9AF;&#x9BC;&#x9BF;&#x9A6; &#x986;&#x9A4;&#x9C0;&#x995;&#x9C1;&#x9B2;&#x9CD;&#x9B2;&#x9BE;&#x9B9;</subfield>
  </datafield>
  <datafield tag="250" ind1=" " ind2=" ">
    <subfield code="a">&#x9E7;&#x9AE; &#x9B8;&#x982;. </subfield>
  </datafield>
  <datafield tag="260" ind1=" " ind2=" ">
    <subfield code="a">&#x9A2;&#x9BE;&#x995;&#x9BE; : </subfield>
    <subfield code="b">&#x9AE;&#x9BE;&#x993;&#x9B2;&#x9BE; &#x9AC;&#x9BE;&#x9A6;&#x9BE;&#x9B0;&#x9CD;&#x9B8; ;</subfield>
    <subfield code="c">&#x9E7;&#x9EF;&#x9ED;&#x9E9; [&#x9E7;&#x9E9;&#x9EE;&#x9E6;]</subfield>
  </datafield>
  <datafield tag="300" ind1=" " ind2=" ">
    <subfield code="a">&#x9E7;&#x9E7;&#x9E9; &#x9AA;&#x9C3;. ;</subfield>
    <subfield code="c">&#x9E7;&#x9EF; &#x9B8;&#x9C7;&#x9AE;&#x9BF;.</subfield>
  </datafield>
  <datafield tag="650" ind1=" " ind2=" ">
    <subfield code="a">&#x9AC;&#x9BE;&#x982;&#x9B2;&#x9BE; &#x989;&#x9AA;&#x9A8;&#x9CD;&#x9AF;&#x9BE;&#x9B8;</subfield>
    <subfield code="9">184342</subfield>
  </datafield>
  <datafield tag="650" ind1=" " ind2=" ">
    <subfield code="a">Bengali Fiction</subfield>
    <subfield code="9">170455</subfield>
  </datafield>
  <datafield tag="942" ind1=" " ind2=" ">
    <subfield code="2">ddc</subfield>
    <subfield code="c">BK</subfield>
  </datafield>
  <datafield tag="999" ind1=" " ind2=" ">
    <subfield code="c">65033</subfield>
    <subfield code="d">65033</subfield>
  </datafield>
  <datafield tag="952" ind1=" " ind2=" ">
    <subfield code="0">0</subfield>
    <subfield code="1">0</subfield>
    <subfield code="2">ddc</subfield>
    <subfield code="4">0</subfield>
    <subfield code="7">1</subfield>
    <subfield code="8">FIC</subfield>
    <subfield code="a">RUCL</subfield>
    <subfield code="b">RUCL</subfield>
    <subfield code="c">Reading</subfield>
    <subfield code="d">1976-02-23</subfield>
    <subfield code="e">Maola Brothers</subfield>
    <subfield code="g">6.00</subfield>
    <subfield code="l">0</subfield>
    <subfield code="o">B 891.443 ATB 1973</subfield>
    <subfield code="r">2017-02-26 00:00:00</subfield>
    <subfield code="t">C-1</subfield>
    <subfield code="w">2017-02-26</subfield>
    <subfield code="y">BK</subfield>
  </datafield>
</record>
